Introducción al derecho : nociones preliminares teoría general enciclopedia jurídica historia de las ideas (Record no. 14255)
[ view plain ]
| 000 -CABECERA | |
|---|---|
| campo de control de longitud fija | 00635cam a22002292a 4500 |
| 001 - NÚMERO DE CONTROL | |
| campo de control | 008448 |
| 003 - IDENTIFICADOR DEL NÚMERO DE CONTROL | |
| campo de control | AR-FADEU |
| 008 - DATOS DE LONGITUD FIJA--INFORMACIÓN GENERAL | |
| campo de control de longitud fija | 311216n1983####xxu####################dd |
| 020 ## - NÚMERO INTERNACIONAL ESTÁNDAR DEL LIBRO | |
| Número Internacional Estándar del Libro | 950-20-0238-5 |
| 092 ## - ASIGNACIÓN LOCAL DE SIGNATURA TOPOGRÁFICA DEWEY (OCLC) | |
| Número de clasificación | D340.1 |
| Número de documento/Ítem | A258-12 |
| 100 ## - ENTRADA PRINCIPAL--NOMBRE DE PERSONA | |
| Nombre de persona | Aftalión, Enrique R. |
| 245 ## - MENCIÓN DE TÍTULO | |
| Título | Introducción al derecho : nociones preliminares teoría general enciclopedia jurídica historia de las ideas |
| 250 ## - MENCIÓN DE EDICIÓN | |
| Mención de edición | 12a. ed |
| 260 ## - PUBLICACIÓN, DISTRIBUCIÓN, ETC. (PIE DE IMPRENTA) | |
| Lugar de publicación, distribución, etc. | Buenos Aires |
| 260 ## - PUBLICACIÓN, DISTRIBUCIÓN, ETC. (PIE DE IMPRENTA) | |
| Nombre del editor, distribuidor, etc. | Abeledo-Perrot |
| 260 ## - PUBLICACIÓN, DISTRIBUCIÓN, ETC. (PIE DE IMPRENTA) | |
| Fecha de publicación, distribución, etc. | 1983 |
| 300 ## - DESCRIPCIÓN FÍSICA | |
| Extensión | 882 p |
| 500 ## - NOTA GENERAL | |
| Nota general | Incluye bibliografía |
| 650 ## - PUNTO DE ACCESO ADICIONAL DE MATERIA--TÉRMINO DE MATERIA | |
| Término de materia o nombre geográfico como elemento inicial | DERECHO-INTRODUCCION |
| 700 ## - PUNTO DE ACCESO ADICIONAL--NOMBRE DE PERSONA | |
| Nombre de persona | José, Vilanova |
| 942 ## - ELEMENTOS DE PUNTO DE ACCESO ADICIONAL (KOHA) | |
| Tipo de ítem Koha | BDGR |
| Estado de retiro | Estado de pérdida | Estado dañado | No para préstamo | Localización permanente | Ubicación/localización actual | Fecha de adquisición | Número de inventario | Total de préstamos | Signatura topográfica completa | Código de barras | Fecha visto por última vez | Precio válido a partir de | Tipo de ítem Koha | En préstamo | Fecha del último préstamo |
|---|---|---|---|---|---|---|---|---|---|---|---|---|---|---|---|
| Biblioteca Ernesto Sabato - FADECS - UNCOMA | Biblioteca Ernesto Sabato - FADECS - UNCOMA | 21/02/2017 | 2318 | D340.1 A258-12 | 2318 | 21/02/2017 | 21/02/2017 | BDGR | |||||||
| Biblioteca Ernesto Sabato - FADECS - UNCOMA | Biblioteca Ernesto Sabato - FADECS - UNCOMA | 21/02/2017 | 2319 | D340.1 A258-12 | 2319 | 30/05/2018 | 21/02/2017 | BDGR | |||||||
| Biblioteca Ernesto Sabato - FADECS - UNCOMA | Biblioteca Ernesto Sabato - FADECS - UNCOMA | 21/02/2017 | 4051 | 2 | D340.1 A258-12 | 4051 | 18/05/2018 | 21/02/2017 | BDGR | 26/05/2018 | 18/05/2018 | ||||
| Biblioteca Ernesto Sabato - FADECS - UNCOMA | Biblioteca Ernesto Sabato - FADECS - UNCOMA | 21/02/2017 | 10717 | 4 | D340.1 A258-12 | 10717 | 30/05/2023 | 21/02/2017 | BDGR | 23/05/2023 | |||||
| Biblioteca Ernesto Sabato - FADECS - UNCOMA | Biblioteca Ernesto Sabato - FADECS - UNCOMA | 21/02/2017 | 19552 | 7 | D340.1 A258-12 | 19552 | 25/06/2024 | 21/02/2017 | BDGR | 19/06/2024 |